Quiz Harry Potter 2 - Statistiques

Statistiques générales
  • Ce quiz a été pris 62 fois
  • Le résultat moyen est 2 sur 12
Statistiques - réponses
Questions Réponses % Correct
Titre du livre Harry Potter et la chambre des secrets
91%
Anagramme de "Je suis Lord Voldemort" Tom Elvis Jedusor
53%
Dernier sortilège de la baguette de Ron cette année Oubliettes
26%
Moi le magicien
21%
Premier sortilège de la baguette de Ron cette année Crache-Limaces
17%
Où est retrouvée la première victime du Basilic Toilettes des filles
17%
Qui est la dernière victime du Basilic Pénélope Deauclair
9%
Vadrouilles avec les goules
4%
Randonnées avec les trolls
2%
Premier mot de passe des gryffondor cette année Anthochère
0%
Livres de Gilderoy Lockhart Flânerie avec le spectre de la mort
0%
Voyages avec les vampires
0%
Aucun quiz correspondant
Distribution des résultats
% des personnes avec chaque résultat
Percentile par nombre de réponses
Votre historique - résultats
Vous n’avez pas pris ce quiz